000 01178nam a2200205Ii 4500
003 JO-AjNU
008 230605s9999||||xx |||||||||||||| ||und||
020 _a978-9953-78-303-1
040 _aJO-AjNU
_bara
_erda
_cJO-AjNU
041 _aara
050 1 4 _aCB53.D8712 2010
100 3 _aديورانت، ول وايريل؛ ترجمة فؤاد اندراوس؛ مراجعة علي ادهم,
_eauthor
_960444
245 0 0 _aقصة الحضارة: عصر فولتير تاريخ الحضارة في اوروبا الغربية من 1715 الى 1756 مع التنويه الخاص بالصراع بين اليدن والفلسفة، ج35-36، مجلد9، الجزء الاول
264 3 1 _aبيروت،تونس: دار الجيل للنشر والطباعة والتوزيع،المنظمة العربية للتربية والثقافة والعلوم، 2010
300 _aج 35-36، مج 9، الجزء الاول والثاني: ترقيم متعدد
_b ويحتوي على قائمة مراجع من ص224-ص234
336 _atext
_btxt
_2rdacontent
337 _aunmediated
_bn
_2rdamedia
338 _avolume
_bnc
_2rdacarrier
650 4 _aالحضارة-تاريخ
_960445
999 _aA27256
_c30824
_d30824